Visualizzazione normale
Vista MARC
- Hamilton, Alastair,
di Personal Name
Records bibliografici associati: 1
001 - CONTROL NUMBER
- control field: 26247
003 - CONTROL NUMBER IDENTIFIER
- control field: IT-RoINE
005 - DATE AND TIME OF LATEST TRANSACTION
- control field: 20160929035433.0
008 - FIXED-LENGTH DATA ELEMENTS
- fixed length control field: 160929|| aca||aabn | a|a d
040 ## - CATALOGING SOURCE
- Original cataloging agency: IT-RoINE
- Transcribing agency: IT-RoINE
100 ## - HEADING--PERSONAL NAME
- Personal name: Hamilton, Alastair,
- Dates associated with a name: 1941-
670 ## - SOURCE DATA FOUND
- Source citation: Work cat.: (IT-RoINE)0: Hamilton, Alastair, 1941-, El proceso de Rodrigo de Bivar, (1539) /, 1979.